000 00312nam a22001337a 4500
008 170928b xxu||||| |||| 00| 0 eng d
020 _a9780879461089
041 _aeng
080 _a37
100 _a47
101 _aEDU
245 _aBUILDING COMMUNITIES FROM THE INSIDE OUT
_cKRETZMANN,J,P
942 _2udc
_cBK
999 _c30436
_d30436